000 01374cam a22003857a 4500
003 CHAP
005 20220817044436.0
008 110502s2010 it a r 00010 eng d
010 _a101098
011 _a102070
020 _a9789251064252
035 _a112758
040 _cCHAP
082 0 0 _a632.93
_bF3y v.195
110 2 _aFAO
245 1 0 _aQuality declared planting material :
_bprotocols and standards for vegetatively propagated crops
_c/Coordinado por Juan Fajardo ...[et al.]
260 _aRome :
_bFAO,
_c2010
300 _axvi, 126 p. :
_bilus., tablas
490 0 _aFAO. Producción y protección vegetal
_v; 195
500 _aExpert consultation, Lima, 27-29 November 2007
590 _aBATCH-UPD
_b10
_c20130110
_lUCH01
_h1222
590 _aBATCH-UPD
_b10
_c20130410
_lUCH01
_h0756
590 _aBATCH-UPD
_b10
_c20130914
_lUCH01
_h1043
590 _aCONVERSION
_b10
_c20130109
_lUCH01
_h1356
650 1 4 _aControl biológico de enfermedades.
_927579
650 1 4 _aControl de plagas.
_927595
650 1 4 _aCultivos
_xProtección.
_930311
650 1 4 _aPropagación de plantas.
_992417
650 1 4 _aSemillas.
700 1 _aFajardo, Juan
_e, coord.
_939365
830 0 _aFAO. Producción y protección vegetal
_v; 195
_939654
901 _aBK
942 _cLIBRO
949 _a632.93 F3y v.195
_bBC
_cFAO
_d33724002256173
_eFAO1
_gDonaciØn
_h114760
_i112758
_sb
999 _c101098
_d101098